000 00581nam a2200145Ia 4500
008 100204s9999 xx 000 0 und d
082 _b526
100 _aबोरकर लक्ष्मीदास
245 _aखुनी नंदकिशोरी आणि इतर कथा
260 _b"प्रिया प्रकाशन, मुंबई"
_c1977
300 _a199
630 _aखुनी नंदकिशोरी आणि इतर कथा
730 _aखुनी नंदकिशोरी आणि इतर कथा
942 _cBOOK
999 _c445721
_d445718